[Event "Goch op 27th"]
[Site "Goch"]
[Date "2016.09.03"]
[Round "5"]
[White "Theysen, Jens"]
[Black "Bieker, Peter"]
[Result "1/2-1/2"]
[WhiteElo "1441"]
[BlackElo "1493"]
[PlyCount "40"]
[EventDate "2016.09.01"]
[EventType "swiss"]
[EventRounds "7"]
[EventCountry "GER"]
[SourceTitle "EXT 2018"]
[Source "ChessBase"]
[SourceDate "2017.10.13"]
[SourceVersion "1"]
[SourceVersionDate "2017.10.13"]
[SourceQuality "1"]

1. c4 e6 2. g3 d5 3. e3 Nf6 4. d3 Bd6 5. Ne2 0-0 6. Bg2 Nbd7 7. cxd5 exd5 8. Nbc3 c6 9. 0-0 Re8 10. a3 b6 11. b4 Bb7 12. Bb2 a6 13. Rc1 Rc8 14. Na2 c5 15. Qb3 Ne5 16. Bxe5 Bxe5 17. Rc2 Re7 18. f4 Bd6 19. bxc5 bxc5 20. d4 c4 1/2-1/2

[Event "Goch op 27th"]
[Site "Goch"]
[Date "2016.09.03"]
[Round "4"]
[White "Theysen, Jens"]
[Black "Kofler, Albin Ernst"]
[Result "0-1"]
[WhiteElo "1441"]
[BlackElo "1586"]
[PlyCount "118"]
[EventDate "2016.09.01"]
[EventType "swiss"]
[EventRounds "7"]
[EventCountry "GER"]
[SourceTitle "EXT 2018"]
[Source "ChessBase"]
[SourceDate "2017.10.13"]
[SourceVersion "1"]
[SourceVersionDate "2017.10.13"]
[SourceQuality "1"]

1. c4 c5 2. g3 g6 3. Bg2 Bg7 4. e4 e6 5. Ne2 Ne7 6. 0-0 Nbc6 7. d3 0-0 8. Nbc3 a6 9. a3 Rb8 10. Be3 Nd4 11. Rb1 b5 12. b4 Nxe2+ 13. Nxe2 cxb4 14. Rxb4 Nc6 15. Rb1 bxc4 16. Rxb8 Nxb8 17. dxc4 Qc7 18. c5 Bb7 19. Nf4 Rd8 20. Qd6 Qc6 21. e5 Qb5 22. Qb6 Qxb6 23. cxb6 Bxg2 24. Kxg2 Bxe5 25. Nd3 Nc6 26. Nxe5 Nxe5 27. b7 Nc6 28. Rb1 Rb8 29. Bc5 Na5 30. Bd6 Rxb7 31. Rxb7 Nxb7 32. Be5 f5 33. Kf3 Na5 34. Bc7 Nc4 35. a4 d5 36. Ke2 Kf7 37. a5 Ke8 38. Kd3 Kd7 39. Bf4 Nxa5 40. Kd4 Nc6+ 41. Kd3 e5 42. Bc1 Ke6 43. Ba3 Na5 44. Kc3 Nc4 45. Bc5 a5 46. Kb3 g5 47. h4 g4 48. Ka4 d4 49. Kb3 d3 50. Kc3 e4 51. Bf8 Kd5 52. Bh6 a4 53. Bc1 a3 54. Kb3 d2 55. Bxd2 Nxd2+ 56. Kxa3 Kd4 57. Kb2 Kd3 58. Kc1 Ke2 59. h5 Kxf2 0-1

[Event "Goch op 27th"]
[Site "Goch"]
[Date "2016.09.01"]
[Round "1"]
[White "Mohrholz, Stefan"]
[Black "Theysen, Jens"]
[Result "1-0"]
[WhiteElo "1966"]
[BlackElo "1441"]
[PlyCount "39"]
[EventDate "2016.09.01"]
[EventType "swiss"]
[EventRounds "7"]
[EventCountry "GER"]
[SourceTitle "EXT 2018"]
[Source "ChessBase"]
[SourceDate "2017.10.13"]
[SourceVersion "1"]
[SourceVersionDate "2017.10.13"]
[SourceQuality "1"]

1. Nf3 Nc6 2. g3 d5 3. Bg2 e5 4. d3 Nf6 5. Nbd2 Bf5 6. c4 d4 7. Qb3 Rb8 8. 0-0 Bc5 9. Qb5 Nd7 10. Nh4 a6 11. Qa4 Nb6 12. Bxc6+ Bd7 13. Bxd7+ Nxd7 14. Ne4 0-0 15. b4 Be7 16. Nf5 Nf6 17. Nxe7+ Qxe7 18. Bg5 Rfe8 19. f4 Rbd8 20. fxe5 1-0

[Event "Goch op 26th"]
[Site "Goch"]
[Date "2015.09.04"]
[Round "2"]
[White "Schmerwitz, Reinhard"]
[Black "Theysen, Jens"]
[Result "1-0"]
[WhiteElo "1838"]
[BlackElo "1455"]
[PlyCount "115"]
[EventDate "2015.09.03"]
[EventType "swiss"]
[EventRounds "7"]
[EventCountry "GER"]
[SourceTitle "EXT 2018"]
[Source "ChessBase"]
[SourceDate "2017.10.13"]
[SourceVersion "1"]
[SourceVersionDate "2017.10.13"]
[SourceQuality "1"]

1. e4 c6 2. d4 d5 3. Nd2 dxe4 4. Nxe4 Bf5 5. Ng3 Bg6 6. h4 h6 7. Nf3 Nd7 8. h5 Bh7 9. Bd3 Bxd3 10. Qxd3 e6 11. Bd2 Ngf6 12. 0-0-0 Be7 13. Ne4 Nxe4 14. Qxe4 Rc8 15. Kb1 b5 16. Bf4 Nf6 17. Qe2 Nd5 18. Bg3 Bf6 19. Ne5 0-0 20. f4 a5 21. c4 bxc4 22. Nxc4 Be7 23. Rc1 Bd6 24. Ne5 Bxe5 25. dxe5 Qb6 26. Bh2 Rc7 27. Bg1 c5 28. g3 Rb8 29. Rh2 Qb5 30. Qxb5 Rxb5 31. Rc4 Nb4 32. Rd2 Nd5 33. Rdc2 Nb6 34. Rxc5 Rbxc5 35. Rxc5 Rd7 36. Kc2 a4 37. a3 Nd5 38. Rc4 Rc7 39. Rxc7 Nxc7 40. Kc3 Nd5+ 41. Kc4 Kf8 42. Kb5 Ke8 43. Kxa4 Kd7 44. Kb5 Kc7 45. a4 Kb7 46. Bd4 Nc7+ 47. Kc4 Ka6 48. b4 Nd5 49. Kc5 Nb6 50. b5+ Kb7 51. a5 Nd7+ 52. Kd6 Nb8 53. a6+ Nxa6 54. bxa6+ Kxa6 55. Ke7 Kb5 56. Kxf7 Kc4 57. Kxe6 Kxd4 58. Kd6 1-0

[Event "Goch op 25th"]
[Site "Goch"]
[Date "2014.09.07"]
[Round "6"]
[White "Schweisgut, Jens"]
[Black "Theysen, Jens"]
[Result "1-0"]
[WhiteElo "1747"]
[BlackElo "1462"]
[PlyCount "105"]
[EventDate "2014.09.04"]
[EventType "swiss"]
[EventRounds "7"]
[EventCountry "GER"]
[SourceTitle "EXT 2016"]
[Source "ChessBase"]
[SourceDate "2015.10.08"]
[SourceVersion "1"]
[SourceVersionDate "2015.10.08"]
[SourceQuality "1"]

1. e4 c6 2. Nc3 d5 3. Nf3 dxe4 4. Nxe4 Bf5 5. Ng3 Bg6 6. h4 h6 7. Ne5 Bh7 8. d4 Nf6 9. Bd3 Qxd4 10. Nxf7 Rg8 11. Bxh7 Qxd1+ 12. Kxd1 Nxh7 13. Ne5 Nd7 14. Ng6 0-0-0 15. Ke2 e5 16. Be3 Kb8 17. Nf5 Nhf6 18. Rhd1 Nd5 19. Nxf8 Rdxf8 20. Ne7 Nxe7 21. Rxd7 Re8 22. Bc5 Nd5 23. Bd6+ Kc8 24. Rf7 Re6 25. Rf8+ Rxf8 26. Bxf8 Rg6 27. g3 e4 28. c4 Nc7 29. Rd1 Ne6 30. Be7 h5 31. Ke3 b6 32. b3 Nc7 33. Bf8 Ne6 34. Be7 Nc7 35. Rd6 Rxd6 36. Bxd6 Ne8 37. Be5 Nf6 38. Bxf6 gxf6 39. Kxe4 Kd7 40. Kf5 Ke7 41. Kg6 Ke6 42. f4 a5 43. Kxh5 Kf7 44. g4 Kg7 45. f5 b5 46. cxb5 cxb5 47. g5 a4 48. Kg4 Kf7 49. Kf4 Ke7 50. Ke4 Kd6 51. Kd4 axb3 52. axb3 Kc6 53. g6 1-0